Normal view MARC view
  • Lejarraga, Berta de

Entry Nombre Personal

Number of records used in: 1

001 - NUMERO DE CONTROL

  • campo de control: 52407

003 - IDENTIFICADOR DE NUMERO DE CONTROL

  • campo de control: DLC

005 - FECHA Y HORA DE LA ÜLTIMA TRANSACCIÓN

  • campo de control: 20240614101657.0

008 - DATOS DE LONGITUD FIJA

  • campo de control de longitud fija: 940708nn acannbabn |a aaa c

010 ## - NÚMERO DE CONTROL DE LA BIBLIOTECA DEL CONGRESO

  • Número de control LC: no 94023005

035 ## - NUMERO DE CONTROL

  • Número de control: (OCoLC)oca03641277

040 ## - FUENTE DE CATALOGACIÓN

  • Agencia original de catalogación: TxU
  • Lenguaje de catalogación: spa
  • Agencia de transcripción: TxU
  • Agencia que lo modifica: DLC
  • Agencia que lo modifica: OCoLC
  • Agencia que lo modifica: MX-MxUPN

053 #0 - NÚMERO DE CLASIFICACIÓN LC

  • Número de clasificación elemento-número único o número inicial de tramo: PQ7797.G382

100 1# - ENCABEZAMIENTO - NOMBRE PERSONAL

  • Nombre personal: Lejarraga, Berta de

400 1# - VEÁSE - NOMBRE DE PERSONA

  • Personal name: De Lejarraga, Berta

400 1# - VEÁSE - NOMBRE DE PERSONA

  • Control subfield: nna
  • Personal name: Gaztañaga de Lejarraga, Berta N.

670 ## - FUENTE EN LA QUE SE LOCALIZARON DATOS

  • Cita de la fuente: Al pie de la letra, 1989:
  • Información localizada: cubierta (Berta Lejarraga) página 42, etc. (Berta de Lejarraga; Berta Gaztañaga de Lejarraga; b. in Bahía Blanca; widow of Pablo Lejarraga; facsim. of autograph includes "de" in name; lists books written since 1941; author of Voz inhallada [sic])

670 ## - FUENTE EN LA QUE SE LOCALIZARON DATOS

  • Cita de la fuente: LC data base, 7-8-94
  • Información localizada: (hdg.: Gaztañaga de Lejarraga, Berta N.; usage: Berta de Lejarraga)

670 ## - FUENTE EN LA QUE SE LOCALIZARON DATOS

  • Cita de la fuente: Gobierno de la enseñanza media, 1966 :
  • Información localizada: portada (Berta de Lejarraga)

902 ## - CATALOGADOR

  • Catalogador: VíctorGodínez/140624